000 01119nam a2200229Ia 4500
003 Ost
005 20260416102355.0
008 260416s9999||||xx |||||||||||||| ||und||
040 _cfsecg
041 _aara
082 _a510
100 _aحاج أعراب، كمال
_eمؤلف
245 0 _aمقياس الرياضيات /
_c كمال حاج أعراب
246 _a Maths
260 _aالجزائر
_bجامعة الجزائر3: كلية العلوم الإقتصادية، العلوم التجارية وعلوم التسيير
_c2020
300 _a121 ورقة
_bايضاحات
_c30 سم
504 _aمراجع ص.121
520 _aالفضاءات الشعاعية المنتهية و الفضاءات الخطية و كذا المصفوفات و المحددات و الجمل الخطية و اختصار المصفوفات مع وجود تمارين في نهاية كل فصل.
653 _aالرياضيات
710 _aجامعة الجزائر3: كلية العلوم الإقتصادية، العلوم التجارية وعلوم التسيير
_eناشر علمي
942 _cHANDOUT
999 _c41194
_d41194